000
00297nam a22001337a 4500
008
171102b xxu||||| |||| 00| 0 eng d
020
_a
9780262071949
041
_a
eng
080
_a
530.14
100
_a
59
101
_a
KAP
245
_a
THE VENTURE CAPITAL CYCLE
_c
COMPERS.P
942
_2
udc
_c
BK
999
_c
37200
_d
37200